Plenitude and participation: The life of god in man
Bewaard in:
| Hoofdauteur: | |
|---|---|
| Formaat: | Boek |
| Taal: | Undetermined |
| Gepubliceerd in: |
Washington, Estados Unidos
The Council for Research in Values and Philosophy
2004
|
| Onderwerpen: | |
| Tags: |
Voeg label toe
Geen labels, Wees de eerste die dit record labelt!
|
MARC
| LEADER | 00000nam a2200000Ia 4500 | ||
|---|---|---|---|
| 008 | 170316s9999 xx 000 0 und d | ||
| 090 | |a 100 M-32.1p | ||
| 100 | |a McLean, George F. | ||
| 245 | |a Plenitude and participation: The life of god in man | ||
| 260 | |a Washington, Estados Unidos | ||
| 260 | |b The Council for Research in Values and Philosophy | ||
| 260 | |c 2004 | ||
| 300 | |a 160 páginas | ||
| 650 | |a FILOSOFÍA | ||
| 650 | |a RELIGIÓN | ||
| 650 | |a HERMENÉUTICA | ||
| 650 | |a CULTURA Y RELIGIÓN | ||
| 999 | |c 16991 |d 16991 | ||
| 040 | |a cru BVZT | ||
| 942 | |c 15 D |h 100 M-32.1p |2 z | ||
